Assessing learning in the primary classroom

Збережено в:
Бібліографічні деталі
Автор: JOHNSON, Sandra
Формат: Книга
Мова:Англійська
Опубліковано: Routledge 2012
Теги: Додати тег
Немає тегів, Будьте першим, хто поставить тег для цього запису!

MARC

LEADER 00000nam a22000007a 4500
008 211104b ||||| |||| 00| 0 eng d
020 |a 9780415562768 
100 |a JOHNSON, Sandra 
245 |a Assessing learning in the primary classroom  |c / Sandra Johnson  |e The understanding primary education series  |g ix, 157p. ill. 
260 |b Routledge  |c 2012  |h London  |i 679892  |i 679893  |l LB3056.G7J63  |m Educational tests and measurement - Great Britain  |m Educational evaluation -Great Britain  |m Education (Elementary) - Great Britain 
942 |a lcc  |c BK  |e A. R. Akinniyi  |f 4 /11/ 21 
952 |0 0  |1 0  |2 lcc  |4 0  |6 LB3056 G7 J63  |7 0  |9 3841  |a HOL  |b ED  |c LP  |d 2021-11-04  |l 0  |o LB3056.G7J63  |p 2021-67571  |r 2021-11-04 00:00:00  |w 2021-11-04  |y BK 
952 |0 0  |1 0  |2 lcc  |4 0  |7 0  |9 3842  |a HOL  |b HOL  |c LP  |d 2021-11-04  |o LB3056.G7J63  |p 2021-67572  |r 2021-11-04 00:00:00  |t 679893  |w 2021-11-04  |y BK 
999 |c 1921  |d 1921